000 00245nam a2200097Ia 4500
008 220204s9999 xx 000 0 und d
082 _a0581998
_bMAN
245 0 _aManorama Yearbook 1998
260 _aKottayam
_bMalayala Manorama
_c1998
942 _cBK
999 _c41413
_d41413